<?xml version="1.0" encoding="UTF-8"?>
<collection xmlns="http://www.loc.gov/MARC21/slim">
  <record>
    <leader>00000nam  2200000   4500</leader>
    <controlfield tag="001">INLIS000000000002996</controlfield>
    <controlfield tag="005">20180724151216</controlfield>
    <controlfield tag="008">180724|||||||||   |   |||   |||| ||   | </controlfield>
    <datafield tag="020" ind1=" " ind2=" ">
      <subfield code="a">979511297X</subfield>
    </datafield>
    <datafield tag="035" ind1=" " ind2=" ">
      <subfield code="0">010-0718002996</subfield>
    </datafield>
    <datafield tag="041" ind1=" " ind2=" ">
      <subfield code="a">id</subfield>
    </datafield>
    <datafield tag="082" ind1=" " ind2=" ">
      <subfield code="a">025.02</subfield>
    </datafield>
    <datafield tag="090" ind1=" " ind2=" ">
      <subfield code="a">025.02 Bas t</subfield>
    </datafield>
    <datafield tag="100" ind1=" " ind2=" ">
      <subfield code="a">Basuki, Sulistyo</subfield>
    </datafield>
    <datafield tag="245" ind1=" " ind2=" ">
      <subfield code="a">Teknik dan Jasa Dokumentasi</subfield>
    </datafield>
    <datafield tag="250" ind1=" " ind2=" ">
      <subfield code="a">Ed. 1</subfield>
    </datafield>
    <datafield tag="260" ind1=" " ind2=" ">
      <subfield code="a">Jakarta</subfield>
      <subfield code="b">Gramedia Pustaka Utama</subfield>
      <subfield code="c">1992</subfield>
    </datafield>
    <datafield tag="300" ind1=" " ind2=" ">
      <subfield code="a">x; 257 hlm.; ilus; 24 cm.</subfield>
    </datafield>
    <datafield tag="500" ind1=" " ind2=" ">
      <subfield code="a">Sejak awal kehidupannya, manusia telah berkutat dengan dokumen karena dokumen berarti semua objek yang menyediakan informasi. Kegiatan yang bertaut dengan dokumen ini, disebut dokumentasi, sangatlah luas. Mulai dari pemilihan dan pengadaan dokumen hingga ke pemencaran informasi, termasuk pula kajian pemakai informasi. Buku ini menyajikan semua permasalahan dan diharapkan dapat berguna bagi mahasiswa yang bergerak dalam bidang informasi, termasuk kepustakaan, dokumentasi dan kearsipan, serta mereka yang bekerja di berbagai unit informasi seperti perpustakaan, pusat informasi, arsip, maupun pusat khusus seperti clearing house, pusat analisis informasi, dan bank data.</subfield>
    </datafield>
    <datafield tag="650" ind1=" " ind2=" ">
      <subfield code="a">Dokumentasi</subfield>
    </datafield>
  </record>
</collection>
